logo

Bir Sreshtho Munshi Abdur Rouf Library
Jhenaidah Cadet College

Thinking, Fast and Slow / (Record no. 14064)

MARC details
000 -LEADER
fixed length control field 00726pam a2200277 a 4500
001 - CONTROL NUMBER
JCCL Control Number 14064
003 - CONTROL NUMBER IDENTIFIER
JCCL marc code BD-JhCC
005 - DATE AND TIME OF LATEST TRANSACTION
control field 20240912131257.0
008 - FIXED-LENGTH DATA ELEMENTS--GENERAL INFORMATION
fixed length control field 921223s1993 nyu b 001 0 eng
020 ## - INTERNATIONAL STANDARD BOOK NUMBER
International Standard Book Number 921206108
035 ## - SYSTEM CONTROL NUMBER
system control number (BD-JhCC)14064
040 ## - CATALOGING SOURCE
Original cataloging agency DLC
Transcribing agency DLC
Modifying agency DLC
041 ## - LANGUAGE CODE
Language code of Book english
050 00 - LIBRARY OF CONGRESS CALL NUMBER
Classification number BF701
Item number C676 1993
082 00 - DEWEY DECIMAL CLASSIFICATION NUMBER
Classification number 153.42
DDC Edition number 20
Author mark and Year KAH 2013
100 1# - MAIN ENTRY--PERSONAL NAME
Personal name Kahneman,Daniel
245 14 - TITLE STATEMENT
Title Thinking, Fast and Slow /
Statement of responsibility, etc Daniel Kahneman.
250 ## - EDITION STATEMENT
Edition statement 1st ed.
260 ## - PUBLICATION, DISTRIBUTION, ETC. (IMPRINT)
Place of publication, distribution, etc New York :
Name of publisher, distributor, etc Soundview Executive Book Summaries;
Date of publication, distribution, etc 2013.
300 ## - PHYSICAL DESCRIPTION
Pagination 499 p. ;
Dimensions 24 cm.
650 #0 - SUBJECT ADDED ENTRY--TOPICAL TERM
Topical term or geographic name as entry element Decision making
650 #0 - SUBJECT ADDED ENTRY--TOPICAL TERM
Topical term or geographic name as entry element Intuition
650 #0 - SUBJECT ADDED ENTRY--TOPICAL TERM
Topical term or geographic name as entry element Thought and thinking
Geographic subdivision thinking
942 ## - ADDED ENTRY ELEMENTS (KOHA)
Source of classification or shelving scheme Dewey Decimal Classification
Koha item type Books
Holdings
Source of classification or shelving scheme Damaged status Not for loan Home library Current library Shelving location Date of accession Source of acquisition Cost, normal purchase price Total Checkouts Full call number Barcode Checked out Date last seen Date checked out Copy number Method of acquisition Koha item type Currency
Dewey Decimal Classification     JCC Rouf Library JCC Rouf Library General Stacks 09/12/2024 With the Compliments Of Shahriar Imtiaz Rahman 27/1483/K 1350.00 6 153.42 KAH 2013 19680 07/24/2025 06/30/2025 06/30/2025 C-1 Gift/Donation Books BDT

JCC Library | Contacts | JCC Home

Last Update on 23 September 2017
Copyright @ 2017-2020 JCC Rouf Library
Rouf Library, Jhenidah Cadet College (JCC), Bangladesh